Les régimes de retraites collectifs obligatoires: a gestion paritaire
Na minha lista:
| Autor principal: | |
|---|---|
| Formato: | Livro |
| Idioma: | francês |
| Publicado em: |
París
Henry Lion
1967
|
| Assuntos: | |
| Tags: |
Adicionar Tag
Sem tags, seja o primeiro a adicionar uma tag!
|
MARC
| LEADER | 00000nam a2200000 a 4500 | ||
|---|---|---|---|
| 001 | UCS2301 | ||
| 003 | CL-VaPUC | ||
| 008 | 970523e19670000FR |||||||||||||||||fre|d | ||
| 082 | 0 | 4 | |a 344.018 |b LIO |2 21 |
| 100 | |a Lion, Henry |e autor |9 387595 | ||
| 245 | 1 | 4 | |a Les régimes de retraites collectifs obligatoires: a gestion paritaire |
| 300 | |a 254 p | ||
| 942 | |c BK | ||
| 945 | |d 19970523 00:00:00 |a cmena | ||
| 260 | |a París |b Henry Lion |c 1967 | ||
| 650 | 7 | |a DERECHO LABORAL |2 CL-VaPUC |9 15 | |
| 650 | 0 | |a Sindicatos |9 255034 | |
| 650 | 0 | |a Negociación colectiva |9 312433 | |
| 650 | 0 | |a Conflictos laborales |9 256688 | |
| 650 | 7 | |a COMITES DE EMPRESAS |2 CL-VaPUC |9 387596 | |
| 650 | 0 | |a Trabajadores |9 260887 | |
| 583 | |a last modification |c 20170712 03:41:11 |k Rodrigo Vera | ||
| 999 | |c 260273 |d 260271 | ||
| 952 | |0 0 |1 0 |4 0 |6 344_018000000000000_LIO_1967 |7 0 |8 A |9 286230 |a BIBDER |b BIBDER |d 2019-11-19 |i 1860240 |o 344.018 LIO 1967 |p 1860240 |r 2023-01-25 |w 2019-11-19 |y BK |k DER | ||